000 00625nam a22002297a 4500
001 18984
003 BD-RjUL
005 20211209000352.0
008 140223s1980 can||||| |||| 001 0 eng d
035 _a(BD-RjUL) 19042
040 _aBD-RjUL
_beng
_cBD-RjUL
041 _aeng
082 0 4 _a658.3
_bVAP 1980
100 1 _aValerie
_958514
245 0 _aPerformance Assessment /
_cValerie and Andrew Stewart
260 _aToranto :
_bColes Business ,
_cc1980
300 _avii,181p. ;
_c23cm.
504 _aIncludes Index
650 _aPerformance Assessment
_958515
700 1 _a Stewart, Andrew
_958516
942 _2ddc
_cBK
999 _c18984
_d18984